| 000 | 00512nam a2200193Ia 4500 | ||
|---|---|---|---|
| 003 | GCL | ||
| 008 | 140319s9999 xx 000 0 eng d | ||
| 040 |
_aGCL / _cGCL |
||
| 082 | 0 | 4 |
_aCH _b823 _bN L |
| 100 | 1 | _aNAYER, JUDY | |
| 245 | 1 | 0 |
_aLITTLE BEAR'S FIRST CHRISTMAS / _cNAYER, JUDY |
| 700 | 1 | _aRONDINI, DANA | |
| 260 |
_a[S.N] : _bMC CLANAHAN BOOK COMPANY ، _c1994 |
||
| 650 | 0 | 4 | _aENGLISH LITERATURE |
| 650 | 0 | 4 | _aENGLISH FICTION |
| 650 | 0 | 4 | _aFICTION |
| 650 | 0 | 4 | _aCHILDREN - FICTION |
| 942 |
_2ddc _cBK |
||
| 999 |
_c14590 _d14590 |
||